Normal view
MARC view
Entry Personal Name
001 - CONTROL NUMBER
- control field: 67797
003 - CONTROL NUMBER IDENTIFIER
- control field: dpl
005 - DATE AND TIME OF LATEST TRANSACTION
- control field: 20240626154910.0
008 - FIXED-LENGTH DATA ELEMENTS
- fixed length control field: 240626|| aca||aabn | a|a d
040 ## - CATALOGING SOURCE
- Original cataloging agency: dpl
- Transcribing agency: dpl
100 ## - HEADING--PERSONAL NAME
- Personal name: Tan, Susan
670 ## - SOURCE DATA FOUND
- Source citation: Work cat.: (dpl)203756: Tan, Susan, Pet Rule! My Kingdom of Darkness/, 2022
